| 000 | 00630nam a2200241Ia 4500 | ||
|---|---|---|---|
| 008 | 160621s9999 xx 000 0 und d | ||
| 020 | _a0-07-223079-7 | ||
| 050 | _aComSc HF 5719 | ||
| 050 | _b.H37 2003 | ||
| 100 | _aHarper, Annette. | ||
| 245 | _aCrystal reports 9 on Oracle / | ||
| 245 | _cAnnette Harper. | ||
| 260 | _aNew York : | ||
| 260 | _bMcGraw-Hill, | ||
| 260 | _c2003 | ||
| 300 | _a390 pages : | ||
| 300 | _billustrations ; | ||
| 300 | _c23 cm. | ||
| 500 | _aIncludes index. | ||
| 650 | _aCrystal reports (Electronic resource). | ||
| 650 | _aDatabas management. | ||
| 650 | _xOracle (Computer file). | ||
| 999 |
_c296130 _d296130 |
||